000 nam a22 7a 4500
999 _c7701
_d7701
008 170928b xxu||||| |||| 00| 0 eng d
100 _94186
_aGupta,S.K.
245 _aPhysics-XII
260 _aNew Delhi
_bModern
_c2009